000 004700000a22001810004500
003 MACL
005 20151004153256.0
008 151004b xxu||||| |||| 00| 0 eng d
040 _aMACL
_cMACL
041 _aEnglish
082 _a910/ROE
100 _aRoe, Thomas
_913734
245 _aTravels In India
_bIn The Seventeenth Century
260 _bAsian Educational Services
_c1993
_aDelhi
350 _a395
650 _aGeography & Travel
_913735
942 _cBK
_k910
_2ddc
999 _c3325
_d3325